000 00745cam a22002533a 4500
001 28884
003 PGUSA
005 20140828083627.0
008 090519s2009||||xxu|||||s|||||000 | eng d
040 _aPGUSA
_beng
042 _adc
050 4 _aDA
100 1 _aFarr, Edward
245 1 2 _aA History Of England From Early Times :
_bA Linked Index to the Project Gutenberg Editions
_h[electronic resource] /
_cEdward Farr
260 _bProject Gutenberg,
_c2009
506 _aPublic domain in the USA.
516 _aElectronic text
653 _aIndexes
653 _aGreat Britain -- History
700 1 _aWidger, David,
_d1932-
830 0 _aProject Gutenberg
_v28884
856 4 0 _uhttp://www.gutenberg.org/ebooks/28884
942 _cEB
999 _c258139
_d258139